| 000 | 00925cam a22002771 4500 | ||
|---|---|---|---|
| 001 | 24971 | ||
| 003 | BD-RjUL | ||
| 005 | 20211209050819.0 | ||
| 008 | 140315s1954 at abc 001 0 eng | ||
| 035 | _a(BD-RjUL)25040 | ||
| 035 | _a(OCoLC)3633363 | ||
| 040 |
_aDLC _cGEU _dOCoLC _dDLC _beng |
||
| 041 | _aeng | ||
| 082 |
_a940.5394 _bHEA 1954 |
||
| 100 | 1 |
_aHerington, John. _976811 |
|
| 245 | 1 | 0 |
_aAir war against Germany and Italy, 1939-1943 / _cJohn Herington _nV-3 |
| 260 |
_aCanberra : _bAustralian War Memorial, _c1954 |
||
| 300 |
_axvii, 731 p., : _billus., group ports., maps (part col.) ; _c24 cm. |
||
| 504 | _aIncludes index | ||
| 650 | 0 |
_aWorld War, 1939-1945 _xAerial operations. _976813 |
|
| 650 | 0 |
_aWorld War, 1939-1945 _zAustralia. _974854 |
|
| 942 |
_2ddc _cBK |
||
| 999 |
_c24971 _d24971 |
||